Normal view MARC view
  • Literatura juvenil

Entry Materia

Number of records used in: 135

001 - NÚMERO DE CONTROL DEL REGISTRO

  • campo de control: 5153

003 - IDENTIFICADOR DE NUMERO DE CONTROL

  • campo de control: MX-MxUPN

005 - FECHA Y HORA DE LA ÚLTIMA TRANSACCIÓN

  • campo de control: 20240805102551.0

008 - DATOS DE LONGITUD FIJA

  • campo de control de longitud fija: 220810nn acnnnbabn n ana d

035 ## - NÚMERO DE CONTROL DEL SISTEMA

  • Número de control del sistema: UPN10000005153

040 ## - FUENTE DE LA CATALOGACIÓN

  • Centro catalogador de origen: MX-MxUPN
  • Lengua de catalogación: spa
  • Agencia de transcripción: MX-MxUPN

150 ## - ENCABEZAMIENTO - TEMÁTICO

  • Término de materia o nombre geográfico como elemento inicial: Literatura juvenil

360 ## - REFERENCIA COMPLEJA DE VÉASE ADEMÁS - MATERIA

  • Texto explicativo: Véase además la subdivisión
  • Encabezamiento al que se remite: LITERATURA JUVENIL
  • Texto explicativo: bajo temas

450 ## - VÉASE - MATERIA

  • Encabezamiento temático: Libros juveniles

670 ## - FUENTE EN LA QUE SE LOCALIZARON DATOS

  • Cita de la fuente: LC
  • Información localizada: Juvenile literature

902 ## - CATALOGADOR

  • Catalogador: LG/011097